| 000 | 00767 a2200169 4500 | ||
|---|---|---|---|
| 003 | NUST | ||
| 005 | 20230209125554.0 | ||
| 040 | _cNust | ||
| 082 | _a954.91,MIR | ||
| 100 |
_aMirza , Hussain, Sarfaraz _9108780 |
||
| 245 |
_aThe Punjab Muslim Students Federation (1937-1947) / _cSarfaraz Hussain Mirza |
||
| 260 |
_aIslamabad _bNational Institute Historical And Cultural research _c1991 |
||
| 300 | _a491 :p.; | ||
| 505 | _aFormation of the Punjab Muslim students Federation (Page-1), Growth and Expansion 1937-1940 (Page-54), Role and the Struggle for Pakistan I (Page-127), Role in the Struggle for Pakistan 1943-1944 II (Page-227), Role in the Struggle for Pakistan III (Page-301). | ||
| 650 |
_aMuslim Students Federation _9108781 |
||
| 942 |
_2ddc _cBK _k954.91,MIR |
||
| 999 |
_c187474 _d187474 |
||